| 000 -LEADER |
| fixed length control field |
00491nam a2200193Ia 4500 |
| 001 - CONTROL NUMBER |
| control field |
8069 |
| 003 - CONTROL NUMBER IDENTIFIER |
| control field |
GE_BSU |
| 005 - DATE AND TIME OF LATEST TRANSACTION |
| control field |
20200117152043.0 |
| 008 - FIXED-LENGTH DATA ELEMENTS--GENERAL INFORMATION |
| fixed length control field |
181216s2013||||tu |||||||||||||| ||tur|| |
| 040 ## - CATALOGING SOURCE |
| Transcribing agency |
GE_BSU |
| 041 ## - LANGUAGE CODE |
| Language code of text/sound track or separate title |
tur |
| 080 ## - UNIVERSAL DECIMAL CLASSIFICATION NUMBER |
| Universal Decimal Classification number |
811.512.161 T-95 |
| 245 ## - TITLE STATEMENT |
| Title |
Turkce Ogretım setı A1 : |
| Remainder of title |
Ders Kitabi / |
| 260 ## - PUBLICATION, DISTRIBUTION, ETC. |
| Date of publication, distribution, etc. |
2013 |
| 300 ## - PHYSICAL DESCRIPTION |
| Extent |
152 p.; |
| Other physical details |
29 cm. |
| 653 ## - INDEX TERM--UNCONTROLLED |
| Uncontrolled term |
თურქული ენა |
| 653 ## - INDEX TERM--UNCONTROLLED |
| Uncontrolled term |
სახელმძღვანელო |
| 942 ## - ADDED ENTRY ELEMENTS (KOHA) |
| Koha item type |
წიგნი |
| Source of classification or shelving scheme |
|